000 00847nac a22002537a 4500
001 BR7704070
003 BR-BrBNA
005 20240105114122.0
008 230509b bl.|||m| |||| 00| 0 por d
040 _aBR-BrBNA
_bpor
_cBiblioteca Nacional de Agricultura
072 _aF10
090 _aF10 BR7704070
110 1 _aUnidade de Execucao de Pesquisa de Ambito Estadual de Bacabal, MA (Brasil)
_910345
245 1 _aAnuario agroclimatologico [Bacabal; Maranhao; Brasil]
260 3 _aBacabal, MA (Brasil):
_c1977.
300 _a16 p.
490 _aAnuario Agroclimatologico - Unidade de Execucao de Pesquisa de Ambito Estadual de Bacabal (Brazil)
_vv. 1(1)
_x
500 _a7 tables
650 _aClimatologia
650 _aTemperatura
650 _aMaranhao
909 _a202312
_bLúcia Elande
_c55
_dLúcia Elande
942 _2AGRIS
_n0
_cMS
999 _c267485
_d267485